00457cam a2200181ua 45000010005000000080039000050200015000440400009000590410008000680820008000761000023000842450058001072500009001652600031001743000010002056530037002156530023002528431150130n xxk |||gr||||Z||||||eng a0521223245 cMAIN aeng a809 aBilan, P,eAuthor.1 aThe literary criticism of F. R. LeaviscBy R. P.Bilan a1st. aLondon:bCambridge,c1979. a338p. aHistory, description & criticism aLIterary criticism